[Event "Wch U18 Girls"]
[Site "Montesilvano"]
[Date "2023.11.23"]
[Round "10"]
[White "Sovetbekova, Nurai"]
[Black "Wan, Qian"]
[Result "1/2-1/2"]
[WhiteElo "1801"]
[BlackElo "1945"]
[PlyCount "75"]
[EventDate "2023.11.13"]
[EventType "swiss"]
[EventRounds "11"]
[EventCountry "ITA"]
[SourceTitle "CB48_2023"]
[SourceDate "2023.11.29"]
[SourceVersion "1"]
[SourceVersionDate "2023.11.29"]
[SourceQuality "1"]

1. d4 d5 2. c4 e6 3. Nc3 Bb4 4. Nf3 Nf6 5. Bg5 h6 6. Bxf6 Qxf6 7. e3 0-0 8. Qb3 Bxc3+ 9. Qxc3 Qe7 10. Bd3 c5 11. cxd5 cxd4 12. Nxd4 exd5 13. 0-0 Nd7 14. Rac1 Ne5 15. Bb1 b6 16. Nc6 Nxc6 17. Qxc6 Be6 18. Qc2 g6 19. Rfd1 Rac8 20. Qd2 Kg7 21. h3 Qf6 22. a3 Rfd8 23. Ba2 d4 24. Rxc8 Rxc8 25. Bxe6 dxe3 26. Qxe3 Re8 27. Rd7 Rxe6 28. Qd2 Re7 29. Rxe7 Qxe7 30. Qd4+ Qf6 31. Qd2 Qf5 32. h4 h5 33. g3 Qb1+ 34. Kg2 Qe4+ 35. Kg1 Qb1+ 36. Kg2 Qe4+ 37. Kg1 Qb1+ 38. Kg2 1/2-1/2

[Event "Wch U18 Girls"]
[Site "Montesilvano"]
[Date "2023.11.22"]
[Round "9"]
[White "Wan, Qian"]
[Black "Belattar, Ines"]
[Result "1-0"]
[WhiteElo "1945"]
[BlackElo "1623"]
[PlyCount "143"]
[EventDate "2023.11.13"]
[EventType "swiss"]
[EventRounds "11"]
[EventCountry "ITA"]
[SourceTitle "CB48_2023"]
[SourceDate "2023.11.29"]
[SourceVersion "1"]
[SourceVersionDate "2023.11.29"]
[SourceQuality "1"]

1. d4 Nf6 2. Nf3 e6 3. Bf4 d5 4. e3 c5 5. c3 Bd6 6. Bb5+ Nc6 7. Qa4 Bxf4 8. exf4 Qb6 9. Nbd2 0-0 10. 0-0 Bd7 11. Nb3 c4 12. Nbd2 a6 13. Bxc6 Bxc6 14. Qc2 Qc7 15. g3 a5 16. Rfe1 b5 17. Ne5 b4 18. b3 cxb3 19. Qxb3 Qb7 20. Reb1 Rfb8 21. a3 Nd7 22. axb4 Nxe5 23. fxe5 a4 24. Qb2 Bb5 25. Re1 Rc8 26. Re3 Qa6 27. Ra3 Rc7 28. Nf3 Qc6 29. Ne1 Qc4 30. Nd3 Rac8 31. Qb1 Qc6 32. Nc5 Ra8 33. Qd1 Re7 34. h4 Qc7 35. h5 g6 36. Qf3 Qd8 37. h6 Qf8 38. Qf4 Rc7 39. Rf3 Be2 40. Re3 Bb5 41. g4 Qe7 42. Qf6 Qxf6 43. exf6 Kf8 44. Rxe6 Rxc5 45. Rb6 Rc6 46. Rxb5 Rxf6 47. Rxd5 Rf4 48. g5 Rf3 49. Kg2 Rd3 50. Re5 Rd1 51. Ra5 Re8 52. R3xa4 Ree1 53. Re5 Rxe5 54. dxe5 Rc1 55. Ra8+ Ke7 56. Rc8 Ke6 57. Rc5 Kf5 58. b5 Re1 59. e6+ Kxe6 60. c4 Kd6 61. Rc6+ Kd7 62. c5 Rb1 63. Rd6+ Ke7 64. b6 Rb5 65. Rc6 Kd7 66. Rc7+ Kd8 67. f4 Rb2+ 68. Kf3 Rb3+ 69. Kg4 Rb1 70. Rxf7 Rg1+ 71. Kf3 Rf1+ 72. Kg2 1-0

[Event "Wch U18 Girls"]
[Site "Montesilvano"]
[Date "2023.11.16"]
[Round "4"]
[White "Wan, Qian"]
[Black "Zhurova, Anna"]
[Result "0-1"]
[WhiteElo "1945"]
[BlackElo "2149"]
[PlyCount "130"]
[EventDate "2023.11.13"]
[EventType "swiss"]
[EventRounds "11"]
[EventCountry "ITA"]
[SourceTitle "CB48_2023"]
[SourceDate "2023.11.29"]
[SourceVersion "1"]
[SourceVersionDate "2023.11.29"]
[SourceQuality "1"]

1. d4 e6 2. Nf3 c5 3. c3 Nf6 4. Bf4 Nc6 5. e3 Nh5 6. Bg5 Qb6 7. b3 h6 8. Bh4 g5 9. Nfd2 Nf6 10. Nc4 Qd8 11. Bg3 d5 12. Ne5 cxd4 13. Nxc6 bxc6 14. Qxd4 Rg8 15. Nd2 Bd7 16. Be5 Be7 17. Be2 c5 18. Qd3 Bc6 19. 0-0 Kf8 20. c4 Nd7 21. Bc3 Bf6 22. cxd5 exd5 23. Rac1 a6 24. a4 g4 25. Qh7 Ke7 26. Qxh6 Rg6 27. Bxf6+ Rxf6 28. Qg5 Qh8 29. e4 Rg8 30. Qe3 d4 31. Qg3 Qh6 32. Nc4 Bxe4 33. Bd3 Bxd3 34. Rce1+ Kf8 35. Qxd3 Rh8 36. Qg3 Qh4 37. Qxh4 Rxh4 38. g3 Rh5 39. Kg2 Rf3 40. h3 Rxb3 41. hxg4 Rg5 42. Nd6 Nf6 43. Rb1 Rxb1 44. Rxb1 Nxg4 45. Kf3 Rg6 46. Nf5 Ke8 47. Rc1 Ne5+ 48. Ke4 Nd7 49. Kd5 Rg5 50. Ke4 Rg4+ 51. f4 Kd8 52. Nd6 Kc7 53. Nxf7 Rxg3 54. Ne5 Nxe5 55. Kxe5 Kc6 56. f5 Re3+ 57. Kf4 Kd5 58. f6 Re8 59. Kf5 d3 60. f7 Rf8 61. Kf6 c4 62. Re1 c3 63. Re8 Rxf7+ 64. Kxf7 c2 65. Rc8 d2 0-1

[Event "CHN-chN (Women)"]
[Site "Jiangmen"]
[Date "2018.07.20"]
[Round "5"]
[White "Song, Yuxin"]
[Black "Wan, Qian"]
[Result "1-0"]
[WhiteElo "2177"]
[BlackElo "1900"]
[PlyCount "61"]
[EventDate "2018.07.18"]
[EventType "swiss"]
[EventRounds "11"]
[EventCountry "CHN"]
[SourceTitle "CBM 185 Extra"]
[Source "ChessBase"]
[SourceDate "2018.07.29"]
[SourceVersion "1"]
[SourceVersionDate "2018.07.29"]
[SourceQuality "1"]

1. d4 d5 2. c4 e6 3. Nf3 Nf6 4. g3 Bb4+ 5. Nbd2 0-0 6. Bg2 b6 7. 0-0 Bb7 8. Qc2 Nbd7 9. b3 Rc8 10. Bb2 Bd6 11. Rac1 Qe7 12. Rfd1 c5 13. Qb1 Rfd8 14. Qa1 a6 15. e3 cxd4 16. Nxd4 Ne5 17. cxd5 Nxd5 18. Ne4 Bb8 19. Rxc8 Rxc8 20. Nb5 f6 21. Ba3 Qd7 22. Nbd6 Bxd6 23. Nxd6 Rc2 24. Be4 Nxe3 25. Nxb7 Nxd1 26. Bxc2 Nf3+ 27. Kh1 Qxb7 28. Qxd1 Nh4+ 29. f3 Nxf3 30. Qd8+ Kf7 31. Qf8# 1-0

[Event "CHN-chN (Women)"]
[Site "Jiangmen"]
[Date "2018.07.19"]
[Round "4"]
[White "Wan, Qian"]
[Black "Zhou, Zirun"]
[Result "1/2-1/2"]
[WhiteElo "1900"]
[BlackElo "2080"]
[PlyCount "42"]
[EventDate "2018.07.18"]
[EventType "swiss"]
[EventRounds "11"]
[EventCountry "CHN"]
[SourceTitle "CBM 185 Extra"]
[Source "ChessBase"]
[SourceDate "2018.07.29"]
[SourceVersion "1"]
[SourceVersionDate "2018.07.29"]
[SourceQuality "1"]

1. d4 Nf6 2. Nf3 e6 3. Bf4 d5 4. e3 c5 5. c3 Nc6 6. Nbd2 Be7 7. h3 0-0 8. Bd3 b6 9. 0-0 Bb7 10. Ne5 Nd7 11. Ndf3 f6 12. Nxd7 Qxd7 13. Qc2 f5 14. Bb5 Bf6 15. Be5 a6 16. Bxc6 Bxc6 17. Rfd1 a5 18. Bf4 a4 19. Ne5 Bxe5 20. Bxe5 Rfc8 21. Qd2 Bb5 1/2-1/2

[Event "Zibo zt 3.5 (Women)"]
[Site "Zibo"]
[Date "2017.08.12"]
[Round "8"]
[White "Wan, Qian"]
[Black "Li, Yunshan"]
[Result "1/2-1/2"]
[WhiteElo "1840"]
[BlackElo "2029"]
[PlyCount "118"]
[EventDate "2017.08.07"]
[EventType "swiss"]
[EventRounds "11"]
[EventCountry "CHN"]
[SourceTitle "CBM 179 Extra"]
[Source "ChessBase"]
[SourceDate "2017.08.23"]
[SourceVersion "1"]
[SourceVersionDate "2017.08.23"]
[SourceQuality "1"]

1. e4 c5 2. Nf3 e6 3. g3 Nc6 4. Bg2 Nf6 5. Qe2 d6 6. 0-0 Be7 7. c3 0-0 8. d4 cxd4 9. cxd4 d5 10. e5 Ne4 11. Nbd2 Nxd2 12. Bxd2 f6 13. exf6 Bxf6 14. Bc3 Qb6 15. Rad1 Bd7 16. Rfe1 Qc7 17. Qd2 b5 18. b3 Kh8 19. Bb2 b4 20. Rc1 Qb6 21. Bh3 Rfe8 22. Re2 a5 23. Rce1 Nd8 24. Ne5 Bxe5 25. Rxe5 Nf7 26. R5e2 Rac8 27. Kg2 Qd6 28. Bg4 Nh6 29. Bh3 Rc6 30. Rc1 Rec8 31. Rxc6 Rxc6 32. Qe1 Nf7 33. Bg4 Nh6 34. Bh3 Nf7 35. Bg4 Ng5 36. f3 Nf7 37. h4 g6 38. Bh3 Nd8 39. Qd2 Kg7 40. h5 Nf7 41. hxg6 hxg6 42. Bg4 Qc7 43. Qe1 Qc8 44. Qh1 Rc2 45. Qd1 Rc6 46. Qh1 Nd6 47. Qe1 Nb5 48. Rd2 Qc7 49. f4 Nc3 50. Bxc3 bxc3 51. Rc2 a4 52. Qe5+ Qxe5 53. fxe5 Rc7 54. Kf2 g5 55. Ke3 Kf7 56. Be2 axb3 57. axb3 Ke7 58. Bd3 Be8 59. g4 Kd8 1/2-1/2

[Event "Zibo zt 3.5 (Women)"]
[Site "Zibo"]
[Date "2017.08.11"]
[Round "7"]
[White "Wan, Qian"]
[Black "Fu, Yuting"]
[Result "1-0"]
[WhiteElo "1840"]
[BlackElo "1953"]
[PlyCount "85"]
[EventDate "2017.08.07"]
[EventType "swiss"]
[EventRounds "11"]
[EventCountry "CHN"]
[SourceTitle "CBM 179 Extra"]
[Source "ChessBase"]
[SourceDate "2017.08.23"]
[SourceVersion "1"]
[SourceVersionDate "2017.08.23"]
[SourceQuality "1"]

1. e4 e5 2. Nf3 Nf6 3. Nc3 Bb4 4. Bc4 d6 5. d3 Be6 6. Bb3 Nbd7 7. 0-0 Nc5 8. Bxe6 fxe6 9. Ne2 Ncd7 10. c3 Ba5 11. Ng5 Ke7 12. Ng3 h6 13. Nf3 Rf8 14. d4 exd4 15. Nxd4 Qc8 16. Qe2 Bb6 17. h3 Qe8 18. Kh2 Qf7 19. f4 Rae8 20. e5 Bxd4 21. exd6+ cxd6 22. Nf5+ Kd8 23. Nxd6 Qg6 24. cxd4 Re7 25. Nxb7+ Kc7 26. Na5 Kb6 27. Nc4+ Kc7 28. Bd2 Nd5 29. Rac1 Kb8 30. Na5 Ka8 31. Nc6 Ref7 32. Qa6 Nb8 33. Nxb8 Kxb8 34. Rc6 Re8 35. Rfc1 Rb7 36. b3 Qf6 37. Qc4 Nb6 38. Qc5 Rd8 39. Be3 Rbd7 40. a4 Qf5 41. Qc3 Nd5 42. Rc8+ Kb7 43. Qc6# 1-0

[Event "Zibo zt 3.5 (Women)"]
[Site "Zibo"]
[Date "2017.08.07"]
[Round "1"]
[White "Wan, Qian"]
[Black "Li, Xueyi"]
[Result "1/2-1/2"]
[WhiteElo "1840"]
[BlackElo "2192"]
[PlyCount "116"]
[EventDate "2017.08.07"]
[EventType "swiss"]
[EventRounds "11"]
[EventCountry "CHN"]
[SourceTitle "CBM 179 Extra"]
[Source "ChessBase"]
[SourceDate "2017.08.23"]
[SourceVersion "1"]
[SourceVersionDate "2017.08.23"]
[SourceQuality "1"]

1. e4 c6 2. d4 d5 3. Nc3 dxe4 4. Nxe4 Bf5 5. Ng3 Bg6 6. Nh3 e6 7. Nf4 Qc7 8. Bc4 Nf6 9. c3 Bd6 10. Qf3 Nd5 11. Bxd5 cxd5 12. h4 Nd7 13. h5 Bc2 14. Bd2 h6 15. Rc1 Bh7 16. Qg4 Rg8 17. 0-0 Nf6 18. Qh4 0-0-0 19. b3 Kb8 20. Nfe2 Ne4 21. Nxe4 Bxe4 22. Bf4 g5 23. hxg6 Rxg6 24. f3 Bd3 25. Rf2 Bxe2 26. Bxd6 Qxd6 27. Rxe2 Rdg8 28. Rf1 Qc7 29. Rc2 a6 30. Qh2 Rg3 31. Qxh6 Ka7 32. Rff2 R8g6 33. Qh4 f6 34. c4 Qg7 35. cxd5 Rh6 36. Qe4 Rgh3 37. Kf1 Rh1+ 38. Ke2 exd5 39. Qxd5 Qe7+ 40. Kd3 R6h5 41. Qe4 Qd7 42. Kc3 Rb1 43. Rfe2 Qc7+ 44. Kd3 Qa5 45. Ke3 Rd1 46. Kf2 Rhh1 47. Rc5 Rhf1+ 48. Kg3 Qd8 49. Rc4 Qd6+ 50. Qf4 Rxf3+ 51. gxf3 Rg1+ 52. Kf2 Qxf4 53. Kxg1 Qxf3 54. Rf2 Qg3+ 55. Kf1 f5 56. d5 Qd3+ 57. Kg1 Qb1+ 58. Kg2 Qd3 1/2-1/2

[Event "CHN-chB (Women)"]
[Site "Harbin"]
[Date "2016.07.21"]
[Round "10"]
[White "Chu, Ruotong"]
[Black "Wan, Qian"]
[Result "1-0"]
[WhiteElo "2098"]
[BlackElo "1637"]
[PlyCount "155"]
[EventDate "2016.07.17"]
[EventType "swiss"]
[EventRounds "11"]
[EventCountry "CHN"]
[SourceTitle "CBM 173 Extra"]
[Source "ChessBase"]
[SourceDate "2016.08.29"]
[SourceVersion "1"]
[SourceVersionDate "2016.08.29"]
[SourceQuality "1"]

1. d4 d5 2. c4 e6 3. Nf3 Nf6 4. g3 Bb4+ 5. Nbd2 0-0 6. Qc2 c6 7. Bg2 Nbd7 8. 0-0 Be7 9. e4 b6 10. e5 Ne8 11. cxd5 cxd5 12. Re1 Bb7 13. Nf1 Rc8 14. Qd3 Nb8 15. Bd2 Nc6 16. Ne3 Nc7 17. Qb1 Bb4 18. Bxb4 Nxb4 19. a3 Nc6 20. b4 h6 21. Qb2 Qd7 22. Nd2 Na8 23. f4 Ne7 24. a4 Qc6 25. Ra3 Qc7 26. h4 Qd7 27. h5 Rc7 28. Bh3 Rfc8 29. b5 a5 30. Nf3 Rf8 31. Nh4 Bc8 32. Qg2 Qd8 33. Kh1 Bd7 34. Rg1 Kh7 35. g4 g5 36. hxg6+ Nxg6 37. Nxg6 fxg6 38. f5 g5 39. Qa2 Qe8 40. fxe6 Bxe6 41. Nxd5 Qg6 42. Qg2 Rd7 43. Nf6+ Rxf6 44. exf6 Bd5 45. Rf3 Nc7 46. Kh2 Rf7 47. Rgf1 Ne6 48. Qf2 Bxf3 49. Qxf3 Nf4 50. Rc1 Qxf6 51. Qe4+ Qg6 52. Qxg6+ Kxg6 53. Rc6+ Rf6 54. Bg2 Kf7 55. Rc7+ Ke6 56. Rb7 Nd5 57. Kg3 Rf4 58. Bxd5+ Kxd5 59. Rxb6 Rxd4 60. Rxh6 Rxa4 61. Rg6 Ra3+ 62. Kf2 Kc4 63. Rxg5 Rb3 64. b6 Rxb6 65. Rxa5 Kd4 66. Kg3 Ke4 67. g5 Rb1 68. Kg4 Rg1+ 69. Kh5 Kf4 70. Kh6 Rh1+ 71. Kg7 Rh5 72. Kf6 Ke4 73. Ra4+ Kd5 74. g6 Rh1 75. g7 Rg1 76. Rf4 Kd6 77. Kf7 Ke5 78. Rf2 1-0

[Event "CHN-chTB"]
[Site "Harbin"]
[Date "2016.07.15"]
[Round "10.1"]
[White "Nie, Xin"]
[Black "Wan, Qian"]
[Result "1-0"]
[WhiteElo "2078"]
[BlackElo "1637"]
[PlyCount "83"]
[EventDate "2016.07.11"]
[EventType "team-swiss"]
[EventRounds "11"]
[EventCountry "CHN"]
[SourceTitle "CBM 173 Extra"]
[Source "ChessBase"]
[SourceDate "2016.08.29"]
[SourceVersion "1"]
[SourceVersionDate "2016.08.29"]
[SourceQuality "1"]
[WhiteTeam "Sichuan Airlines"]
[BlackTeam "Shenzhen Qiyuan"]
[WhiteTeamCountry "CHN"]
[BlackTeamCountry "CHN"]

1. d4 d5 2. c4 e6 3. Nc3 Bb4 4. cxd5 exd5 5. Qc2 Nf6 6. Bg5 h6 7. Bh4 0-0 8. e3 c6 9. Bd3 Re8 10. Nge2 Bd6 11. h3 Nbd7 12. 0-0 Nf8 13. Rae1 Be7 14. f3 N6h7 15. Bf2 Bh4 16. Ng3 Qg5 17. f4 Qd8 18. Qe2 Nf6 19. Qf3 Bxg3 20. Bxg3 N6h7 21. f5 Ng5 22. Qf4 Qb6 23. b3 f6 24. h4 Nf7 25. Bf2 Qb4 26. Ne2 Qd6 27. Qf3 Re7 28. Nf4 Kh8 29. Qg4 Nd8 30. Bg3 Qd7 31. Nh5 Rf7 32. e4 dxe4 33. Qxe4 b5 34. Bxb5 cxb5 35. Qxa8 Nc6 36. d5 Bb7 37. Qe8 Qxd5 38. Nf4 Qd7 39. Ng6+ Kg8 40. Qxd7 Rxd7 41. Re8 Rd2 42. Rfe1 1-0